00633nam a22001577a 4500999001900000020001600019082001000035100001700045245013700062260003400199300002700233942001300260650005000273700002800323952012400351 c535607d535607 qHard Cover. a307.1 aMunir, Tariq aMapping tourism crime and tourists’ perception of safety and security in a tourist city:bThe Case Study of Murree /cTariq Munir. aIslamabad:bSCEE NUST,c2016. a92 p. :bill. ;c30cm. 2ddccTHE aUrban and Regional Planning MS-Thesis.916266 aDr. Abdul waheed916525 00102ddc406307_100000000000000709498663aCLbCLcTHEd2020-09-18l0o307.1pCL-T-5880r2020-09-18w2020-09-18yTHE